Estrategia de innovación agraria para producción de frutales de hoja caduca

Salvato in:
Dettagli Bibliografici
Enti autori: Fundación para la Innovación Agraria (Autore), FIA (Autore)
Natura: Libro
Lingua:spagnolo
Pubblicazione: Santiago Fundación para Innovación Agraria 2003
Soggetti:
Tags: Aggiungi Tag
Nessun Tag, puoi essere il primo ad aggiungerne!!

MARC

LEADER 00000nam a2200000 a 4500
001 UCL5206
003 CL-VaPUC
008 040305e20030000CL |||||||||||||||||spa|d
020 |a 9567874301 
082 0 4 |a 634  |b FUN  |2 21 
110 2 |a Fundación para la Innovación Agraria  |e author  |9 482928 
710 2 |a FIA  |e author  |9 482929 
245 1 0 |a Estrategia de innovación agraria para producción de frutales de hoja caduca 
300 |a 76 p 
942 |c BK 
945 |d 20040305 00:00:00  |a cmena 
260 |a Santiago  |b Fundación para Innovación Agraria  |c 2003 
650 0 |a Árboles frutales   |9 264297 
650 0 |a Producción agrícola  |9 353481 
650 7 |a INNOVACIONES TECNOLOGICAS  |2 CL-VaPUC  |9 482930 
651 7 |a CHILE  |2 CL-VaPUC  |9 482931 
583 |a last modification  |c 20040305 00:00:00  |k Rodrigo Vera 
999 |c 307863  |d 307861 
952 |0 0  |1 0  |4 0  |6 634_000000000000000_FUN_2003  |7 0  |8 A  |9 373998  |a BIBAGR  |b BIBAGR  |d 2019-11-21  |i 3914313  |o 634 FUN 2003  |p 3914313  |r 2025-01-20  |w 2019-11-21  |y BK  |k AGR 
952 |0 0  |1 0  |4 0  |6 634_000000000000000_FUN_2003  |7 0  |8 A  |9 373999  |a BIBAGR  |b BIBAGR  |d 2019-11-21  |i 463599K  |l 2  |o 634 FUN 2003  |p 463599K  |r 2025-01-20  |s 2022-04-20  |w 2019-11-21  |y BK  |k AGR